LEADER 02297nam 2200349 450 001 9910774619903321 005 20230328114005.0 035 $a(CKB)4920000001372383 035 $a(NjHacI)994920000001372383 035 $a(EXLCZ)994920000001372383 100 $a20230328d2022 uy 0 101 0 $anor 135 $aur||||||||||| 181 $ctxt$2rdacontent 182 $cc$2rdamedia 183 $acr$2rdacarrier 200 10$aKjønn og rett $eKvinne-, kjønns- og likestillingsperspektiver i jusstudiet /$fIngunn Ikdahl [and six others] 210 1$aOslo :$cCappelen Damm Akademisk/NOASP (Nordic Open Access Scholarly Publishing),$d2022. 215 $a1 online resource (431 pages) 311 $a82-02-76673-7 330 $aWomen's law, gender equality and non-discrimination law have constituted fields of research at the Faculty of Law at the University of Oslo for decades. Law establishes rights and obligations, legal protections and punishments - it can create, maintain and transform society's distribution of power and resources between individuals and groups. It is thus an important part of legal education to create understanding of how legal constructs, rules and decisions can lead to - or counteract - inequality and discrimination. This book presents various types of gender perspectives in a range of disciplines within law. The chapters cover areas within both public and private law, such as family law, administrative law, welfare law, contract law, corporate law, and criminal law. The book also includes gender perspectives in such related disciplines as legal philosophy, legal sociology, criminology, law and economics, and professional ethics for lawyers. Gender and Law: Women's, Gender and Gender-Equality Perspectives in Legal Studies has been written primarily with law students in mind, but everyone with an interest in the relationship between law, gender, society and politics will find it relevant. 517 $aKjønn og rett 606 $aGender identity$xLaw and legislation 615 0$aGender identity$xLaw and legislation. 676 $a341.483 700 $aIkdahl$b Ingunn$01346827 801 0$bNjHacI 801 1$bNjHacl 906 $aBOOK 912 $a9910774619903321 996 $aKjønn og rett$93079213 997 $aUNINA LEADER 01010nas 2200397 c 450 001 9910893792503321 005 20260218110136.0 024 7 $aurn:nbn:de:0128-6-5451 035 $a(CKB)5280000000199385 035 $a(DE-599)ZDB2758094-5 035 $a(OCoLC)1185935348 035 $a(DE-101)1047648903 035 $a(DE-599)2758094-5 035 $a(EXLCZ)995280000000199385 100 $a20140219b17981799 |y | 101 0 $ager 135 $aur||||||||||| 181 $ctxt$2rdacontent 182 $cc$2rdamedia 183 $acr$2rdacarrier 200 00$a˜Derœ Beobachter an der Saar 210 31$aTrier$cHetzrodt$d1798-1799 215 $aOnline-Ressource 607 $aTrier$2gnd 608 $aZeitung$2gnd-content 608 $aZeitung$2gnd 676 $a070 676 $a060 686 $a620$a100$2rpb 801 0$b0929 801 1$bDE-101 801 2$b9999 906 $aJOURNAL 912 $a9910893792503321 996 $aBeobachter an der Saar$94263008 997 $aUNINA